000 03851nab a2200373 i 4500
003 BR-BrBNA
005 20240925111215.0
008 240925b2018 bl.|r|pooa||| 00| 0 eng |
040 _aBR-BrBNA
_beng
072 _aL73
_b5400
072 _aL70
100 _aDias, F.G.G.
100 _aCintra, P.P.
100 _aCalazans, S.G.
100 _aJorge, A.T.
100 _aPereira, L.F.
100 _aDias, L.G.G.G.
100 _aOlivio, M.B.
100 _aMagalhães, G.M.
245 _aLaryngeal Rhabdomyosarcoma in a dog: case report
500 _a Publicação online, 13 ref.; Summaries (En, Pt)
520 _a ABSTRACT - The larynx is part of the upper respiratory tract and is responsible for phonation. It allows air to pass between the pharynx and the trachea, but prevents food from entering the airways. Laryngeal neoplasms, including rhabdomyosarcomas, are uncommon in dogs. However, these tumors can trigger numerous progressive clinical signs related to respiratory difficulty and altered phonation. The diagnosis of laryngeal cancer should be made based on the history and symptoms of the patient, combined with complementary tests. The treatment of choice is surgical excision, combined or not with chemotherapy. In view of the low incidence of laryngeal cancer, the objective of the present work was to describe a case of laryngeal rhabdomyosarcoma detected during necropsy of an adult dog and diagnosed by histopathology, in addition to raising awareness about the importance of the diagnosis and early therapy for the quality of life and survival of affected patients. The results showed that the location of the tumor impaired its early diagnosis. Although malignant, the animal did not develop metastases as has been described in the literature. Keywords: oncology, small animals, rhabdomyosarcoma, respiratory system
520 _a RESUMO - A laringe é um dos órgãos que compõem o trato respiratório superior, sendo também responsável pela fonação. Permite a passagem do ar entre a faringe e traqueia, mas impede que alimentos adentrem as vias aéreas. As neoplasias laringeanas, incluindo os rabdomiossarcomas, são incomuns em cães, porém, quando presentes, desencadeiam inúmeros sinais clínicos progressivos relacionados à dificuldade respiratória e à alteração na fonação. O diagnóstico das neoplasias na laringe deve ser baseado no histórico e na sintomatologia do paciente, associado a exames complementares. O tratamento de eleição é a exérese cirúrgica, concomitante ou não com a quimioterapia. Desse modo, diante da baixa incidência desse tipo neoplásico, inclusive na laringe, o objetivo do atual trabalho é descrever o caso de rabdomiossarcoma em laringe, detectado durante o exame de necropsia de um cão adulto e diagnosticado por histopatologia, bem como conscientizar sobre a importância do diagnóstico e da terapêutica precoce na qualidade de vida e sobrevida dos afetados. De acordo com a descrição do caso, pode-se admitir que a localização da neoplasia prejudicou o diagnóstico precoce e que, apesar de esta ser maligna, não houve metástases conforme descrição na literatura. Palavras-chave: oncologia, pequenos animais, rabdomiossarcoma, sistema respiratório
650 _aCÃO
650 _aAPARELHO RESPIRATÓRIO
650 _aLARINGE
650 _aNEOPLASIA
650 _aHISTOPATOLOGIA
650 _aVETERINÁRIA
773 0 _01643
_9344677
_dBelo Horizonte-MG Universidade Federal de Minas Gerais - Escola de Veterinaria 1983
_o2024-5011
_tArquivo Brasileiro de Medicina Veterinária e Zootecnia (Brazil)
_x0102-0935
_gv. 70(5) p. 1423-1426; (2018)
_wBR2024002706
856 _uhttps://www.scielo.br/j/abmvz/a/SSkRmp5LNykYntRDv8RD7Np/?format=pdf&lang=en
942 _cANA
999 _c327809
_d327809